V kráľovstve počítačov

Saved in:
Bibliographic Details
Main Author: Chalachánová, Martina (Author)
Format: Book
Language:Slovak
Published: Bratislava : MAPA Slovakia Plus, 2005
Edition:1. vyd.
Subjects:
APR
ISBN:8080671427
Online Access: Get full text
Tags: Add Tag
No Tags, Be the first to tag this record!

MARC

LEADER 00000nam a2200000 4500
003 SK-BrCVT
005 20230525123626.0
008 221214c2005 xo slo
020 |a 8080671427  |c 50.00 Sk 
035 |a CVTIDW0022349 
040 |a CVTISR  |c CVTISR  |e AACR2 
041 |a slo 
044 |a xo  |c SK 
100 1 |a Chalachánová, Martina  |4 aut 
245 1 |a V kráľovstve počítačov  |c Autor: Martina Chalachánová 
250 |a 1. vyd. 
260 1 |a Bratislava :  |b MAPA Slovakia Plus,  |c 2005 
300 |a 38 s. 
655 4 |a APR  |9 36724 
910 |a 8930  |b P051534 
919 |a 80-8067-142-7 
974 |a cvti cvti  |f Knihy neprofilové  |b cvti cvti 
992 |a APR 
997 |h WINISIS 
999 |c 286826  |d 286826